Simpsons Charakters - Statistics

General Stats
  • This quiz has been taken 110 times
  • The average score is 17 of 24
Answer Stats
Picture Answer % Correct
Homer
100%
Bart
98%
Lisa
98%
Marge
96%
Maggie
93%
Ned Flanders
88%
Moe Szyslak
86%
Krusty der Clown
85%
Mr. Burns
83%
Milhouse van Houten
78%
Apu Nahasapeemapetilon
71%
Chief Wiggum
65%
Ralph Wiggum
63%
Carl Carlson
61%
Seymour Skinner
61%
Nelson Muntz
60%
Waylon Smithers
58%
Hausmeister Willie
57%
Barney Gumble
56%
Lenny Leonard
53%
Fat Tony
39%
Kent Brockman
38%
Dr. Hibbert
35%
Joseph Quimby
30%
No matching quizzes found
Score Distribution
Percent of People with Each Score
Percentile by Number Answered
Your Score History
You have not taken this quiz